[Event "Amsterdam Science Park op-A"]
[Site "Amsterdam"]
[Date "2018.07.09"]
[Round "3"]
[White "Hernandez Iglesias, Francisco"]
[Black "Kohler, Aran"]
[Result "1/2-1/2"]
[WhiteElo "2047"]
[BlackElo "2175"]
[PlyCount "83"]
[EventDate "2018.07.07"]
[EventType "swiss"]
[EventRounds "9"]
[EventCountry "NED"]
[SourceTitle "CBM 185 Extra"]
[Source "ChessBase"]
[SourceDate "2018.07.29"]
[SourceVersion "1"]
[SourceVersionDate "2018.07.29"]
[SourceQuality "1"]

1. d4 d5 2. c4 c6 3. Nf3 Nf6 4. Nc3 e6 5. e3 a6 6. Qc2 b5 7. b3 Nbd7 8. Bd3 Bb7 9. 0-0 b4 10. Na4 c5 11. cxd5 exd5 12. dxc5 Bc6 13. Nb6 Nxb6 14. cxb6 Qxb6 15. Bb2 Be7 16. Nd4 Bd7 17. Rac1 0-0 18. Nf5 Bd8 19. Rfd1 g6 20. Bd4 Qe6 21. Ng3 Be7 22. Qe2 a5 23. f4 Rfc8 24. f5 Qd6 25. Qb2 Ng4 26. Rxc8+ Rxc8 27. Rf1 Bg5 28. Qe2 Bxf5 29. Bxf5 gxf5 30. Rxf5 Rc1+ 31. Rf1 Rxf1+ 32. Nxf1 h5 33. h3 Nf6 34. Bxf6 Qxf6 35. Qxh5 d4 36. Qf3 Qxf3 37. gxf3 d3 38. f4 Bh4 39. Kg2 Be1 40. Kf3 f5 41. e4 fxe4+ 42. Ke3 1/2-1/2

[Event "Oviedo Fapa op"]
[Site "Oviedo"]
[Date "2009.12.29"]
[Round "4"]
[White "Perez Diaz, Manuel Amador"]
[Black "Hernandez Iglesias, Francisco"]
[Result "1-0"]
[WhiteElo "1927"]
[BlackElo "1841"]
[PlyCount "53"]
[EventDate "2009.12.26"]
[EventType "swiss"]
[EventRounds "9"]
[EventCountry "ESP"]
[SourceTitle "CBM 134 Extra"]
[Source "ChessBase"]
[SourceDate "2010.03.03"]
[SourceVersion "1"]
[SourceVersionDate "2010.03.03"]
[SourceQuality "1"]

1. d4 d5 2. Nf3 Bg4 3. c4 Nc6 4. cxd5 Bxf3 5. gxf3 Qxd5 6. e3 e5 7. Nc3 Bb4 8. Bd2 Bxc3 9. bxc3 0-0-0 10. c4 Qd6 11. d5 Nce7 12. e4 f5 13. Qa4 Kb8 14. Be3 c5 15. Qb5 Rc8 16. Bh3 g6 17. 0-0 Nf6 18. Rab1 Rc7 19. Bg2 f4 20. Bxf4 exf4 21. e5 Qxe5 22. Rfe1 Qf5 23. d6 Rd7 24. Rxe7 Rxe7 25. dxe7 b6 26. Rd1 Qc8 27. Qb2 1-0

[Event "Oviedo Fapa op"]
[Site "Oviedo"]
[Date "2009.12.26"]
[Round "1"]
[White "Hernandez Iglesias, Francisco"]
[Black "Alvarez Fernandez, Enrique"]
[Result "0-1"]
[WhiteElo "1841"]
[BlackElo "2344"]
[PlyCount "58"]
[EventDate "2009.12.26"]
[EventType "swiss"]
[EventRounds "9"]
[EventCountry "ESP"]
[SourceTitle "CBM 134 Extra"]
[Source "ChessBase"]
[SourceDate "2010.03.03"]
[SourceVersion "1"]
[SourceVersionDate "2010.03.03"]
[SourceQuality "1"]

1. e4 c5 2. Nf3 a6 3. c4 e6 4. d4 cxd4 5. Nxd4 Nf6 6. Nc3 Bb4 7. Bg5 Qa5 8. Bd2 Qc7 9. f3 h5 10. Nc2 Bd6 11. Qc1 Nc6 12. f4 Bc5 13. Be3 Bxe3 14. Qxe3 Ng4 15. Qg3 g5 16. fxg5 Qxg3+ 17. hxg3 d6 18. Be2 Nce5 19. 0-0-0 Nf2 20. Bxh5 Nxh1 21. Rxh1 Ke7 22. Kd2 Nxc4+ 23. Kc1 Ne5 24. Nd4 Bd7 25. Nf3 Rag8 26. Nxe5 dxe5 27. g4 Rxg5 28. Rf1 f6 29. Kd2 Be8 0-1